00561nam a2200217Ia 4500008004100000020002200041050001800063050001400081100002100095245003000116245003900146260001600185260003600201260000900237300001700246300001100263300001100274500002000285650001500305650002300320160517s9999 xx 000 0 und d a978-981-4314-73-2 aComSc QA 76.5 b.M67 2010 aMorley, Deborah. aUnderstanding computers / cDeborah Morley, Charles S. Parker. aSingapore : bCengage Learning Asia Pte Ltd., c2010 a1040 pages : bill. ; c23 cm. aIncludes index. aComputers. xComputer software.